• 首页
  • 本馆介绍
  • 公告通知
  • 最新文献
  • 馆藏检索
  • 电子资源
  • 读者导购
  • 参考咨询
  • 我的图书馆
  • 登录
  • 详细信息显示
  • 放入我的书架
  • 预约/预借图书
  • 作者相关作品
  • 分类相关作品
  • 丛书相关作品
  • 出版社相关作品

书目信息

  • 表格格式
  • 工作单格式
  • 卡片格式
题名:
莎士比亚全集
    
 
作者: 莎士比亚 著 ;梁实秋 译
分册: 第十集  
出版信息: 北京   中国广播电视出版社  1995
页数: 449页
开本: 20cm
丛书名:
单 册:
中图分类: I561.1
科图分类:
主题词: 文学
电子资源:
ISBN: 7-5043-2708-5
000 00636nam0 2200205 450
001 0660771405
005 20061112170335.53
010    @a7-5043-2708-5@b精装@dCNY22.00
100    @a20061112d1995 km y0chiy0120 ea
101 0  @achi
102    @aCN@b110000
200 1  @a莎士比亚全集@Asha shi bi ya quan ji@h第十集@f(英)莎士比亚著@F(ying)sha shi bi ya zhu@g梁实秋译@Gliang shi qiu yi
210    @a北京@c中国广播电视出版社@d1995
215    @a449页@d20cm
606 0  @a文学
690    @aI561.1@v3
701  0 @a莎士比亚@Asha shi bi ya@4著
702  0 @a梁实秋@Aliang shi qiu@4译
801  0 @aCN@bPFT@c20061112
905    @a10447@dI561.1@e125:10-2
    
    莎士比亚全集.第十集/(英)莎士比亚著/梁实秋译.-北京:中国广播电视出版社,1995
    449页;20cm
    
    
    ISBN 7-5043-2708-5(精装):CNY22.00
    
●
相关链接 在E读中查询图书 在五车中查询图书 在当当中查询图书 在豆瓣中查询图书


正题名:莎士比亚全集     索取号:I561.1/125:10-2         预约/预借

序号 登录号 条形码 馆藏地/架位号 状态 备注
1 0271732   000679670   第一样本阅览室/ [索取号:I561.1/125:10-2] 在馆    
唐山师范学院图书馆 欢迎您!
大连网信软件有限公司© 版权所有